LEADER 03029oam 2200637 c 450 001 996354443203316 005 20220221094418.0 010 $a3-8309-8450-2 024 3 $a9783830984504 035 $a(CKB)3710000001001469 035 $a(Waxmann)9783830984504 035 $a(EXLCZ)993710000001001469 100 $a20220221d2016 uy 0 101 0 $ager 135 $aurnnunnnannuu 181 $ctxt$2rdacontent 182 $cc$2rdamedia 183 $acr$2rdacarrier 200 10$aDurch die Blume$eGeschlechternarrationen in musealen Naturdarstellungen$b[electronic resource]$fSmilla Ebeling 205 $a1st, New ed. 210 $aMu?nster$cWaxmann$d2016 215 $a1 online resource (184 p.) 225 0 $aNeue Heimatmuseen$v3 311 $a3-8309-3450-5 330 $aNatur, Geschlecht, Identita?t - drei Konzepte, die lange Zeit fu?r Unvera?nderlichkeit standen und eine damit verbundene Sicherheit versprachen. Doch die Vorstellungen, die wir von Geschlechtern, Natur und (Kollektiv-)Identita?ten haben, erweisen sich bei na?herem Hinsehen als gesellschaftliche, sozial und historisch bedingte Konstruktionen und sind als solche einem Wandel unterworfen. Auch Heimatmuseen stehen in der gesellschaftlichen Wahrnehmung fu?r Stabilita?t, Permanenz und generationenu?bergreifende Kontinuita?t: Sie sammeln, bewahren, erinnern und vermitteln. Zugleich jedoch sind auch sie nicht losgelo?st von gesellschaftlicher Vera?nderung und fungieren als diskursive Orte der Wissensproduktion. Sie stehen damit stets im Spannungsfeld von Bewahrung und Neuverhandlung. Vor diesem Hintergrund untersucht die Studie im Rahmen des Projekts Neue Heimatmuseen als Institutionen der Wissensproduktion Naturrepra?sentationen und die damit verbundene Wissensproduktion u?ber Geschlecht und Kollektividentita?ten in vier Regionalmuseen. Sie sucht nach Verschiebungen und Irritationen dominanter Diskurse u?ber Natur, Geschlecht und Kollektividentita?ten, arbeitet neue Ausstellungspraktiken heraus und diskutiert deren Vera?nderungspotential fu?r tradiertes Wissen und vermeintliche Sicherheiten. 606 $aNatur 606 $aLandschaft 606 $aGeschlecht 606 $aHeimatmuseum 606 $aLandschaftsmuseum 606 $aTiere 606 $aNaturbedrohung 606 $aMasken 606 $aKu?stenschutz 606 $aMuseumslandschaft 606 $aSachkulturforschung und Museum 606 $aNatur/Kultur 615 4$aNatur 615 4$aLandschaft 615 4$aGeschlecht 615 4$aHeimatmuseum 615 4$aLandschaftsmuseum 615 4$aTiere 615 4$aNaturbedrohung 615 4$aMasken 615 4$aKu?stenschutz 615 4$aMuseumslandschaft 615 4$aSachkulturforschung und Museum 615 4$aNatur/Kultur 700 $aEbeling$b Smilla$4aut$01204711 801 0$bWaxmann 801 1$bWaxmann 906 $aBOOK 912 $a996354443203316 996 $aDurch die Blume$92780492 997 $aUNISA LEADER 03114nam 2200637 450 001 996466634403316 005 20220908121120.0 010 $a3-540-48134-6 024 7 $a10.1007/BFb0086791 035 $a(CKB)1000000000437422 035 $a(SSID)ssj0000323722 035 $a(PQKBManifestationID)12072467 035 $a(PQKBTitleCode)TC0000323722 035 $a(PQKBWorkID)10300711 035 $a(PQKB)10651675 035 $a(DE-He213)978-3-540-48134-8 035 $a(MiAaPQ)EBC5584986 035 $a(Au-PeEL)EBL5584986 035 $a(OCoLC)1066178900 035 $a(MiAaPQ)EBC6842147 035 $a(Au-PeEL)EBL6842147 035 $a(OCoLC)1292364067 035 $a(PPN)155175262 035 $a(EXLCZ)991000000000437422 100 $a20220908d1989 uy 0 101 0 $aeng 135 $aurnn|008mamaa 181 $ctxt 182 $cc 183 $acr 200 00$aHarmonic analysis and partial differential equations $eproceedings of the international conference held in El Escorial, Spain, June 9-13, 1987 /$fJ. Garcia-Cuerva, editor 205 $a1st ed. 1989. 210 1$aBerlin :$cSpringer-Verlag,$d[1989] 210 4$d©1989 215 $a1 online resource (X, 214 p.) 225 1 $aLecture notes in mathematics (Springer-Verlag) ;$v1384 300 $aBibliographic Level Mode of Issuance: Monograph 311 $a0-387-51460-0 311 $a3-540-51460-0 327 $aDifferential subordination of harmonic functions and martingales -- Square functions, Cauchy integrals, analytic capacity, and harmonic measure -- Restriction theorems, Carleman estimates, uniform Sobolev inequalities and unique continuation -- Problems in harmonic analysis related to curves and surfaces with infinitely flat points -- Some topics in symmetrization -- On the size the maximal function and the hilbert transform -- ?-Calderón-zygmund operators -- On the equation and Szegö projection on CR manifolds -- Singular integrals on surfaces -- The T1 theorem for Triebel-Lizorkin spaces -- Les ondelettes -- On functions with derivatives in H1 -- Spectral synthesis in spaces of functions with derivatives in H 1 -- An averaging operator on a tree. 330 $aThe programme of the Conference at El Escorial included 4 main courses of 3-4 hours. Their content is reflected in the four survey papers in this volume (see above). Also included are the ten 45-minute lectures of a more specialized nature. 410 0$aLecture notes in mathematics (Springer-Verlag) ;$v1384. 606 $aDifferential equations, Partial$vCongresses 606 $aHarmonic analysis$vCongresses 615 0$aDifferential equations, Partial 615 0$aHarmonic analysis 676 $a515.353 702 $aGarci?a-Cuerva$b Jose? 712 12$aConference on Harmonic Analysis and Partial Differential Equations (Spain)$f(1987 :$eSan Lorenzo del Escorial, Spain) 801 0$bMiAaPQ 801 1$bMiAaPQ 801 2$bMiAaPQ 906 $aBOOK 912 $a996466634403316 996 $aHarmonic analysis and partial differential equations$980197 997 $aUNISA